Movies Quiz

Random Movies or Famous Quiz

Movie Score Composers Quiz Stats

 Plays Quiz Updated Jan 24, 2020

Support Sporcle.
Go Orange.
Score 0/18 Timer 07:00
0 Plays Today
Movie Composer % Correct
Star WarsJohn Williams
93.1%
BatmanDanny Elfman
50.8%
Frost/NixonHans Zimmer
41.7%
LOTR: The Fellowship of the RingHoward Shore
36.7%
TitanicJames Horner
32.2%
The Pink PantherHenry Mancini
28.7%
King KongJames Newton Howard
28.5%
The Little MermaidAlan Menken
21.9%
The GodfatherNino Rota
16.7%
Movie Composer % Correct
Back to the FutureAlan Silvestri
15.4%
The NaturalRandy Newman
14.8%
The HoursPhilip Glass
14.4%
Dances with WolvesJohn Barry
11.2%
ChinatownJerry Goldsmith
9.8%
Gone With The WindMax Steiner
7.9%
The Right StuffBill Conti
4.6%
Sunset BoulevardFranz Waxman
3.6%
NellMark Isham
2.2%

From the Vault

'R'-Ending Presidents

by sproutcm

History 90s
Typing "Trumpr" or "Obamar" isn't going to work here.
Remove Ads.
Support Sporcle.
Get the best of Sporcle when you Go Orange. This ad-free experience offers more features, more stats, and more fun while also helping to support Sporcle. Thank you for becoming a member.

Show Comments

Extras

Top Quizzes Today


Score Distribution

Your Account Isn't Verified!

In order to create a playlist on Sporcle, you need to verify the email address you used during registration. Go to your Sporcle Settings to finish the process.

Report this User

Report this user for behavior that violates our Community Guidelines.

Details: